World Top Sunflower Oil Producing Countries - Statistics

General Stats
  • This quiz has been taken 29 times
  • The average score is 7 of 10
Answer Stats
Metric Tonnes Answer % Correct
4 million Russia
96%
300000 China
93%
4.4 million Ukraine
82%
632000 France
71%
503000 Spain
71%
721000 Turkey
68%
931000 Argentina
57%
454000 Romania
57%
318000 Bulgaria
43%
566000 Hungary
29%
No matching quizzes found
Score Distribution
Percent of People with Each Score
Percentile by Number Answered
Your Score History
You have not taken this quiz